000 00785nam a2200253Ia 4500
003 OSt
005 20221005102959.0
006 a|||||r|||| 00| 0
007 ta
008 221004b |||||||| |||| 00| 0 hin d
024 _a32767
037 _cTextual
040 _aCRL
_cCRL
_bhin
041 _2hin
_ahin
082 _aO152,1M89:g, L0
100 _aप्रेमशंकर
245 0 _aप्रसाद का काव्य
246 _aPrasād kā kāvya
260 _aइलाहाबाद
_bभारती भंडार भारत
_c1970
300 _a539पृ.
_ccm.
650 _aहिन्दी साहित्य
942 _hO152,1M89:g, L0
_cTEXL
_2cc
999 _c1009214
_d1009214